| 000 | 00533nam a22001937a 4500 | ||
|---|---|---|---|
| 003 | OSt | ||
| 008 | 260429b |||||||| |||| 00| 0 eng d | ||
| 082 |
_a634.44 _bJ46S |
||
| 100 | _aJham Kumod Kant. | ||
| 245 | _aStudies on the Effect of Pgr and Nutrients on Periodicity of Bearing in Mango | ||
| 260 |
_a.- Sabour, Bhagalpur _b: Bihar Agricultural College, RAU _c, 1994 |
||
| 300 | _a161p. | ||
| 502 |
_bPh. D. _d1994 |
||
| 650 | _aHorticulture | ||
| 650 | _aMangoes | ||
| 650 | _aThesis | ||
| 650 | _aPh. D. | ||
| 942 |
_2ddc _cT |
||
| 999 |
_c50288 _d50288 |
||